Southville International School and Colleges
Your cart is empty.
  • Cart
  • Lists
    Public lists Eva Luna New books Lux_list list_1
    Your lists Log in to create your own lists
  • Log in to your account
  • Your cookies
  • Search history
Southville International School and Colleges
  • Advanced search
  • Recent comments
  • Most popular
  • Libraries

Log in to your account

Log in with GOOGLE


If you do not have an external account, but do have a local account, you can still log in:

  1. Home
  2. MARC view: Real life math mysteries :
Normal view MARC view ISBD view

Real life math mysteries : (Record no. 42387)

[ view plain ]
MARC details
000 -LEADER
fixed length control field 00541nam a22001697a 4500
003 - CONTROL NUMBER IDENTIFIER
control field OSt
005 - DATE AND TIME OF LATEST TRANSACTION
control field 20140311163156.0
008 - FIXED-LENGTH DATA ELEMENTS--GENERAL INFORMATION
fixed length control field 140226t xxu||||| |||| 00| 0 eng d
020 ## - INTERNATIONAL STANDARD BOOK NUMBER
International Standard Book Number 9781882664146
050 ## - LIBRARY OF CONGRESS CALL NUMBER
Classification number QA 40.5
Item number .W317 1995
100 ## - MAIN ENTRY--PERSONAL NAME
Personal name Washington, Mary Ford.
9 (RLIN) 30658
245 ## - TITLE STATEMENT
Title Real life math mysteries :
Remainder of title a kids' answer to the question, "What will we ever use this for?" /
Statement of responsibility, etc Mary Ford Washington.
260 ## - PUBLICATION, DISTRIBUTION, ETC. (IMPRINT)
Place of publication, distribution, etc Texas :
Name of publisher, distributor, etc Prufrock Press,
Date of publication, distribution, etc 1995.
300 ## - PHYSICAL DESCRIPTION
Extent 104 p. :
Other physical details ill. ;
Dimensions 28 cm.
942 ## - ADDED ENTRY ELEMENTS (KOHA)
Source of classification or shelving scheme Library of Congress Classification
Koha item type
Holdings
Withdrawn status Lost status Source of classification or shelving scheme Damaged status Home library Current library Shelving location Date acquired Total Checkouts Full call number Barcode Date last seen Copy number Price effective from Koha item type
    Library of Congress Classification   Luxembourg Library Luxembourg Library Teachers Reference Section 02/26/2014   QA 40.5 .W317 1995 6280 02/26/2014 1 02/26/2014 Books

Real life math mysteries :

APA

Washington M. F., . (1995). Real life math mysteries. Texas: Prufrock Press.

Chicago

Washington Mary Ford, . 1995. Real life math mysteries. Texas: Prufrock Press.

Harvard

Washington M. F., . (1995). Real life math mysteries. Texas: Prufrock Press.

MLA

Washington Mary Ford, . Real life math mysteries. Texas: Prufrock Press. 1995.

  • Place hold
  • Print
  • Cite
  • Add to your cart (remove)
  • Save record
    BIBTEX Dublin Core MARCXML MARC (non-Unicode/MARC-8) MARC (Unicode/UTF-8) MARC (Unicode/UTF-8, Standard) MODS (XML) RIS
  • More searches
    Search for this title in:
    Other Libraries (WorldCat) Other Databases (Google Scholar) Online Stores (Bookfinder.com) Open Library (openlibrary.org)

Exporting to Dublin Core...

SOUTHVILLE LIBRARY

Southville International School and Colleges Library

1281 Tropical Ave. Cor. Luxembourg St., BF Homes International, Las Pinas City

Tel. No. 8256374 / 252358 Loc. 117/146

Powered by Koha